000 00462cam a2200181ua 4500
020 _c12.00
041 _aeng
_h
082 _a382
_bKEM/PU
100 _aKemp, Murray C .
245 _aPure theory of international trade /
_cMurray C kemp.
_hTextual Documents
250 _a1 /
_b.
260 _aNew Delhi :
_bPrentice Hall of India Pvt Ltd. ,
_c1966.
300 _a324 ; .
365 _a12.00
504 _a
942 _cBK
999 _c11799
_d11799